Surveying (Record no. 10442)

000 -LEADER
fixed length control field 00518nam a22002057a 4500
001 - CONTROL NUMBER
control field 10442
003 - CONTROL NUMBER IDENTIFIER
control field BD-DhUET
008 - FIXED-LENGTH DATA ELEMENTS--GENERAL INFORMATION
fixed length control field 150207b xxu||||| |||| 00| 0 eng d
040 ## - CATALOGING SOURCE
Original cataloging agency DLC
Transcribing agency DLC
Modifying agency BD-DhUET
082 ## - DEWEY DECIMAL CLASSIFICATION NUMBER
Classification number 526.9
Item number DAV/1953
100 ## - MAIN ENTRY--PERSONAL NAME
Personal name Davis, Raymond E.
245 ## - TITLE STATEMENT
Title Surveying
Remainder of title theory and Practice
250 ## - EDITION STATEMENT
Edition statement 4th ed.
260 ## - PUBLICATION, DISTRIBUTION, ETC. (IMPRINT)
Place of publication, distribution, etc. New York
Name of publisher, distributor, etc. McGraw Hill
Date of publication, distribution, etc. 1953
300 ## - PHYSICAL DESCRIPTION
Extent xxi, 1021 p.
Other physical details ill.
504 ## - BIBLIOGRAPHY, ETC. NOTE
Bibliography, etc Includes bibliographies
650 #0 - SUBJECT ADDED ENTRY--TOPICAL TERM
Topical term or geographic name as entry element Surveying
700 ## - ADDED ENTRY--PERSONAL NAME
Personal name Foote, Francis S.
942 ## - ADDED ENTRY ELEMENTS (KOHA)
Koha item type General Book
Holdings
Price effective from Koha full call number Copy number Koha normalized classification for sorting Date acquired Not for loan Shelving location Koha date last seen Damaged status Sublocation or collection (holding branch) Withdrawn status Koha item type Location (home branch) Source of classification or shelving scheme Piece designation (barcode) Lost status
2015-02-07526.9/DAV/19531526_900000000000000_DAV_19532015-02-07 Circulation section2015-02-07 Central Library, BUET General BookCentral Library, BUET 4431 
2015-03-28526.9/DAV/19532526_900000000000000_DAV_19532015-03-28 Circulation section2015-03-28 Central Library, BUET General BookCentral Library, BUET 38217 
2015-03-28526.9/DAV/19533526_900000000000000_DAV_19532015-03-28 Circulation section2015-03-28 Central Library, BUET General BookCentral Library, BUET 479 
2015-04-27526.9/DAV/19534526_900000000000000_DAV_19532015-04-27 Circulation section2015-04-27 Central Library, BUET General BookCentral Library, BUET 2239 
2015-06-29526.9/DAV/19535526_900000000000000_DAV_19532015-06-29 Reading section2015-06-29 Central Library, BUET General BookCentral Library, BUET 4430 
2015-06-30526.9/DAV/19536526_900000000000000_DAV_19532015-06-30 Reading section2015-06-30 Central Library, BUET General BookCentral Library, BUET 2237